Nový spôsob zakladania s. r. o.

Podnikateľské subjekty môžu od 1. februára 2023, s účinnosťou novely Obchodného zákonníka, zakladať spoločnosť s ručením obmedzeným a tiež podnik zahraničnej právnickej osoby alebo organizačnú zložku podniku zahraničnej právnickej osoby zjednodušeným elektronickým spôsobom, ktorý má podstatne priazn...

Ausführliche Beschreibung

Gespeichert in:
Bibliographische Detailangaben
1. Verfasser: Boráková, Lucia
Format: Buchkapitel
Sprache:Slowakisch
Schlagworte:
Tags: Tag hinzufügen
Keine Tags, Fügen Sie das erste Tag hinzu!

MARC

LEADER 00000naa a2200000 4500
001 0292385
005 20240417075236.0
041 0 |a slo 
044 |a SK 
245 1 0 |a Nový spôsob zakladania s. r. o.  |c Lucia Boráková 
520 |a Podnikateľské subjekty môžu od 1. februára 2023, s účinnosťou novely Obchodného zákonníka, zakladať spoločnosť s ručením obmedzeným a tiež podnik zahraničnej právnickej osoby alebo organizačnú zložku podniku zahraničnej právnickej osoby zjednodušeným elektronickým spôsobom, ktorý má podstatne priaznivo prispieť k zrýchleniu a zefektívneniu celého procesu založenia spoločnosti. Aké sú podmienky zjednodušeného založenia spoločnosti s ručením obmedzeným? 
610 2 0 |a spoločnosti s r.o. 
610 2 0 |a podnik zahraničný 
610 2 0 |a osoby právnické 
610 2 0 |a založenie podniku 
610 2 0 |a efektívnosť 
610 2 0 |a digitalizácia 
610 2 0 |a zákonník obchodný 
100 1 |a Boráková, Lucia